000 00421nam a2200145Ia 4500
008 230917s9999||||xx |||||||||||||| ||und||
040 _e13475
_aMAIN
041 _aEnglish
082 _a515.7 H496R
100 _aHewitt, Edwin
245 0 _aReal and abstract analysis: A modern treatment of the theory of functions of a real variable
260 _aBerlin
_bSpringer-Verlag
_c1969
300 _aviii, 476 p.
942 _cBK
999 _c93926
_d93926